Central Library OPAC University of Rajshahi

Bengali language historical grammar / (Record no. 51198)

MARC details
000 -LEADER
fixed length control field 00764nam a2200265 a 4500
001 - CONTROL NUMBER
control field 51198
003 - CONTROL NUMBER IDENTIFIER
rucl marc code BD-RjUL
005 - DATE AND TIME OF LATEST TRANSACTION
control field 20211209075625.0
008 - FIXED-LENGTH DATA ELEMENTS--GENERAL INFORMATION
fixed length control field 160830s1972 ii a 000 0 eng
020 ## - INTERNATIONAL STANDARD BOOK NUMBER
Terms of availability : Irs. 8.00 (Pt.-1)
Terms of availability : Irs 32.00 (Pt.-2)
035 ## - SYSTEM CONTROL NUMBER
System control number (BD-RjUL)51318
040 ## - CATALOGING SOURCE
Original cataloging agency DLC
Transcribing agency DLC
Modifying agency ZCU
-- BD-RjUL
Language of cataloging eng
041 ## - LANGUAGE CODE
Language code of text/sound track or separate title eng
082 ## - DEWEY DECIMAL CLASSIFICATION NUMBER
Edition number 23
Classification number 491.445
Author mark and year MOB 1972
100 1# - MAIN ENTRY--PERSONAL NAME
Personal name Mojumder, Atindra
9 (RLIN) 153172
245 10 - TITLE STATEMENT
Title Bengali language historical grammar /
Statement of responsibility, etc. Atindra Mojumder
250 ## - EDITION STATEMENT
Edition statement 1st ed.
260 ## - PUBLICATION, DISTRIBUTION, ETC. (IMPRINT)
Place of publication, distribution, etc. Calcutta :
Name of publisher, distributor, etc. Firma K.L. Mukhopadhyay,
Date of publication, distribution, etc. 1972 ,1973
300 ## - PHYSICAL DESCRIPTION
Pagination V.;
Size 25 cm.
500 ## - GENERAL NOTE
General note Includes index
505 ## - FORMATTED CONTENTS NOTE
Formatted contents note Pt. 1 -- Pt. 2 --
650 #0 - SUBJECT ADDED ENTRY--TOPICAL TERM
Topical term or geographic name as entry element Bengali language
General subdivision Grammar, Historical.
9 (RLIN) 153173
942 ## - ADDED ENTRY ELEMENTS (KOHA)
Source of classification or shelving scheme Dewey Decimal Classification
Koha item type Books
Holdings
Lost status Source of classification or shelving scheme Damaged status Not for loan Collection code Permanent Location Current Location Shelving location Date acquired Source of acquisition Cost, normal purchase price Total Checkouts Full call number Date last seen Date checked out Copy number Koha item type
  Dewey Decimal Classification     Non-fiction Central Library, University of Rajshahi Central Library, University of Rajshahi   27/03/1976 K.P.Bangali Rco, Calcutta 8.00 2 491.445 MOB Pt.-1 1972 28/12/2023 03/12/2023 C-2 Books
  Dewey Decimal Classification     Non-fiction Central Library, University of Rajshahi Central Library, University of Rajshahi   27/03/1976 K.P.Bagchi and Co. 32.00 2 491.445 MOB Pt.-2 1973 28/12/2023 03/12/2023 C-2 Books